Decisión de la Corte Suprema en un caso de materia previsional militar (Registro nro. 24187)
[ vista simple ]
| 000 -LEADER | |
|---|---|
| fixed length control field | 00392 a2200121 4500 |
| 001 - CONTROL NUMBER | |
| control field | ART_40494 |
| 005 - DATE AND TIME OF LATEST TRANSACTION | |
| control field | 20260410161842.0 |
| 008 - FIXED-LENGTH DATA ELEMENTS--GENERAL INFORMATION | |
| fixed length control field | 260409a |
| 100 1# - MAIN ENTRY--PERSONAL NAME | |
| Personal name | Torres, Ismael F. |
| 245 10 - TITLE STATEMENT | |
| Title | Decisión de la Corte Suprema en un caso de materia previsional militar |
| 700 1# - ADDED ENTRY--PERSONAL NAME | |
| Personal name | Furia de Torres, Lilian Alicia G. |
| 773 0# - HOST ITEM ENTRY | |
| Title | RAP |
| Related parts | - Año 38, Nº 456 (sep. 2016) |
| Record control number | REV5941 |
No hay ítems disponibles.